Territorio y apropiación del espacio social en las tierras indias de Chiapas : rupturas y continuidades en los procesos de cambio social /

محفوظ في:
التفاصيل البيبلوغرافية
المؤلف الرئيسي: Llanos Hernández, Luis
التنسيق: كتاب
اللغة:Spanish
منشور في: Méxcio: Universidad Autónoma de Chapingo, 2013
الوسوم: إضافة وسم
لا توجد وسوم, كن أول من يضع وسما على هذه التسجيلة!

MARC

LEADER 00000nam a22000007a 4500
003 cru CIDCACS/IIS
005 20170518141143.0
007 ta
008 170518t2013 mx ||||| |||| 00| 0 spa d
020 |a 9786071202895 
040 |c cru CIDCACS/IIS 
090 |a 14.03.01 L791t 
100 1 |9 4792  |a Llanos Hernández, Luis 
245 1 |a Territorio y apropiación del espacio social en las tierras indias de Chiapas :  |b rupturas y continuidades en los procesos de cambio social /  |c Luis Llanos Hernández 
260 |a Méxcio:  |b Universidad Autónoma de Chapingo,  |c 2013 
300 |a 226 :  |b fotos, mapas 
942 |2 ddc  |c LI 
999 |c 19335  |d 19335